[Event "Oberliga Bayern 0405"]
[Site "Bayern"]
[Date "2004.10.24"]
[Round "1.8"]
[White "Habermann, Jochen"]
[Black "Flaisigova, Petra"]
[Result "1/2-1/2"]
[WhiteElo "2104"]
[BlackElo "2066"]
[PlyCount "101"]
[EventDate "2004.10.24"]
[EventType "team-tourn"]
[EventRounds "9"]
[EventCountry "GER"]
[SourceTitle "EXT 2020"]
[Source "ChessBase"]
[SourceDate "2019.10.17"]
[SourceVersion "1"]
[SourceVersionDate "2019.10.17"]
[SourceQuality "1"]
[WhiteTeam "Muenchen 36"]
[BlackTeam "Koetzting"]
[WhiteTeamCountry "GER"]
[BlackTeamCountry "GER"]

1. e4 c5 2. Nf3 Nc6 3. d4 cxd4 4. Nxd4 Nf6 5. Nc3 e5 6. Ndb5 d6 7. Bg5 a6 8. Na3 b5 9. Nd5 Be7 10. Bxf6 Bxf6 11. c3 Bb7 12. Nc2 Bg5 13. a4 bxa4 14. Rxa4 0-0 15. Qa1 a5 16. Bc4 Ne7 17. Qa2 Bc6 18. Ra3 Rb8 19. 0-0 Nxd5 20. Bxd5 Bxd5 21. exd5 Qb6 22. Rb1 Rfc8 23. g3 g6 24. Rxa5 Rxc3 25. Ra6 Qb5 26. bxc3 Qxb1+ 27. Qxb1 Rxb1+ 28. Kg2 Rc1 29. Ra2 Kf8 30. Kf3 Bd8 31. c4 Bb6 32. h4 Bc5 33. Ke2 Ke7 34. Rb2 Kf6 35. Ra2 Ke7 36. Ne3 Bxe3 37. Kxe3 Rxc4 38. Ra7+ Kf6 39. Rd7 Rd4 40. Rxd6+ Ke7 41. Ra6 Rxd5 42. Ke4 Rb5 43. Ra7+ Kf6 44. Ra6+ Kg7 45. Ra7 Rb2 46. Ke3 Rb6 47. Ke4 Re6 48. Rb7 h5 49. Ra7 Rf6 50. Ke3 Re6 51. Ke4 1/2-1/2

[Event "Oberliga Bayern 0304"]
[Site "Bayern"]
[Date "2003.10.12"]
[Round "1.8"]
[White "Just, Hannes"]
[Black "Flaisigova, Petra"]
[Result "0-1"]
[WhiteElo "1963"]
[BlackElo "2057"]
[PlyCount "54"]
[EventDate "2003.10.12"]
[EventType "team-tourn"]
[EventRounds "9"]
[EventCountry "GER"]
[SourceTitle "EXT 2006"]
[Source "ChessBase"]
[SourceDate "2005.11.24"]
[SourceVersion "1"]
[SourceVersionDate "2005.11.24"]
[SourceQuality "1"]
[WhiteTeam "Nuernberg NT"]
[BlackTeam "Koetzting"]
[WhiteTeamCountry "GER"]
[BlackTeamCountry "GER"]

1. e4 c5 2. Nf3 Nc6 3. Bb5 g6 4. Bxc6 bxc6 5. 0-0 Bg7 6. Re1 e5 7. c3 Ne7 8. d4 cxd4 9. cxd4 exd4 10. Nxd4 0-0 11. Nc3 Rb8 12. Nb3 Qc7 13. Bg5 d6 14. Rc1 Bb7 15. Rc2 a6 16. Re3 c5 17. Rd2 Rbd8 18. Bf4 Be5 19. Bh6 Rfe8 20. f4 Bxc3 21. bxc3 Nf5 22. exf5 Rxe3 23. h3 Qe7 24. Kh2 Qh4 25. Qg4 Qxh6 26. f6 Bc8 27. Rxd6 Rde8 0-1

[Event "Landesliga Nord 0203"]
[Site "Bayern"]
[Date "2003.02.23"]
[Round "7.7"]
[White "Ruetzel, Wolfgang"]
[Black "Flaisigova, Petra"]
[Result "0-1"]
[WhiteElo "1971"]
[BlackElo "2041"]
[PlyCount "68"]
[EventDate "2002.10.20"]
[EventType "team-tourn"]
[EventRounds "9"]
[EventCountry "GER"]
[SourceTitle "EXT 2004"]
[Source "ChessBase"]
[SourceDate "2003.11.25"]
[SourceVersion "1"]
[SourceVersionDate "2003.11.25"]
[SourceQuality "1"]
[WhiteTeam "Burgsinn"]
[BlackTeam "Koetzting"]
[WhiteTeamCountry "GER"]
[BlackTeamCountry "GER"]

1. e4 c5 2. c4 Nc6 3. Nc3 g6 4. g3 Bg7 5. Bg2 d6 6. Nge2 Nf6 7. d3 Bd7 8. h3 0-0 9. 0-0 a6 10. Be3 Ne8 11. d4 cxd4 12. Nxd4 Nc7 13. Kh2 Ne6 14. Nce2 Rc8 15. b3 Qa5 16. a3 Ncxd4 17. Nxd4 Qc3 18. Nxe6 Bxe6 19. Rb1 b5 20. Bd2 Qd3 21. cxb5 Qxb5 22. f4 Rb8 23. Rf3 Rfc8 24. Bf1 Qb7 25. Qe2 Rc2 26. Rc1 Rbc8 27. Rxc2 Rxc2 28. Qd3 Bxb3 29. Kh1 Ba4 30. Be3 Rc3 31. Qxa6 Qxe4 32. Bg2 Bc6 33. Qc8+ Bf8 34. f5 Rxe3 0-1

[Event "Landesliga Nord 0203"]
[Site "Bayern"]
[Date "2003.01.26"]
[Round "5.7"]
[White "Steibl, Hans Dieter"]
[Black "Flaisigova, Petra"]
[Result "0-1"]
[WhiteElo "1975"]
[BlackElo "2041"]
[PlyCount "36"]
[EventDate "2002.10.20"]
[EventType "team-tourn"]
[EventRounds "9"]
[EventCountry "GER"]
[SourceTitle "EXT 2004"]
[Source "ChessBase"]
[SourceDate "2003.11.25"]
[SourceVersion "1"]
[SourceVersionDate "2003.11.25"]
[SourceQuality "1"]
[WhiteTeam "Kelheim"]
[BlackTeam "Koetzting"]
[WhiteTeamCountry "GER"]
[BlackTeamCountry "GER"]

1. e4 c5 2. Nf3 Nc6 3. Bb5 g6 4. 0-0 Bg7 5. c3 e5 6. Na3 Nge7 7. d3 0-0 8. Be3 d6 9. d4 cxd4 10. cxd4 Bg4 11. dxe5 Nxe5 12. Nc4 Nxf3+ 13. gxf3 Bh3 14. Re1 a6 15. Bb6 Qb8 16. Ba4 Nc8 17. Bb3 Nxb6 18. Nxb6 Qd8 0-1

[Event "Klatovy op-A"]
[Site "Klatovy"]
[Date "2000.??.??"]
[Round "?"]
[White "Flaisigova, Petra"]
[Black "Lexa, Vaclav"]
[Result "1-0"]
[WhiteElo "1925"]
[BlackElo "1955"]
[PlyCount "43"]
[EventDate "2000.??.??"]
[EventType "swiss"]
[EventRounds "9"]
[EventCountry "CZE"]
[SourceTitle "EXT 2003"]
[Source "ChessBase"]
[SourceDate "2002.11.25"]
[SourceVersion "1"]
[SourceVersionDate "2002.11.25"]
[SourceQuality "1"]

1. e4 c5 2. Nf3 d6 3. d4 cxd4 4. Nxd4 Nf6 5. f3 e5 6. Bb5+ Bd7 7. Bxd7+ Qxd7 8. Nf5 d5 9. Bg5 d4 10. Bxf6 gxf6 11. Qd3 Nc6 12. a3 Bc5 13. Nd2 Bb6 14. Nc4 Bc7 15. Rd1 Rd8 16. Qb3 0-0 17. Nce3 Na5 18. Qb4 Qe6 19. Nd5 Rxd5 20. Ne7+ Kh8 21. Nxd5 Bd8 22. Qxf8# 1-0

[Event "Klatovy op-A"]
[Site "Klatovy"]
[Date "2000.??.??"]
[Round "?"]
[White "Flaisigova, Petra"]
[Black "Sladek, Jaroslav"]
[Result "0-1"]
[WhiteElo "1925"]
[BlackElo "2130"]
[PlyCount "76"]
[EventDate "2000.??.??"]
[EventType "swiss"]
[EventRounds "9"]
[EventCountry "CZE"]
[SourceTitle "EXT 2003"]
[Source "ChessBase"]
[SourceDate "2002.11.25"]
[SourceVersion "1"]
[SourceVersionDate "2002.11.25"]
[SourceQuality "1"]

1. e4 e5 2. Nf3 d6 3. d4 Nd7 4. Bc4 c6 5. a4 Be7 6. 0-0 Ngf6 7. Nc3 b6 8. Bg5 Qc7 9. Qd2 a6 10. Rfd1 Bb7 11. Qe2 0-0 12. Bh4 h6 13. Bg3 g6 14. d5 c5 15. Qd2 Rad8 16. Qxh6 Ng4 17. Qd2 Kg7 18. Qe2 Qc8 19. Rf1 Ndf6 20. Rae1 Nh5 21. Nd2 Bg5 22. Qd3 Rh8 23. Nf3 Bf4 24. Ne2 g5 25. h3 Ngf6 26. Nh2 Rh7 27. h4 Bxg3 28. Nxg3 Nf4 29. Qf3 gxh4 30. Nf5+ Kh8 31. Kh1 Qd7 32. Rg1 b5 33. axb5 axb5 34. Bf1 Bxd5 35. exd5 Qxf5 36. g3 hxg3 37. fxg3 Qh5 38. Re2 Qxf3+ 0-1

[Event "Klatovy op-A"]
[Site "Klatovy"]
[Date "2000.??.??"]
[Round "?"]
[White "Koutecky, Vaclav"]
[Black "Flaisigova, Petra"]
[Result "1/2-1/2"]
[WhiteElo "2060"]
[BlackElo "1925"]
[PlyCount "61"]
[EventDate "2000.??.??"]
[EventType "swiss"]
[EventRounds "9"]
[EventCountry "CZE"]
[SourceTitle "EXT 2003"]
[Source "ChessBase"]
[SourceDate "2002.11.25"]
[SourceVersion "1"]
[SourceVersionDate "2002.11.25"]
[SourceQuality "1"]

1. e4 e5 2. Nf3 Nc6 3. Bb5 f5 4. Bxc6 dxc6 5. Nc3 Nf6 6. Qe2 fxe4 7. Nxe4 Bg4 8. h3 Bxf3 9. Qxf3 Qe7 10. d3 Nxe4 11. dxe4 0-0-0 12. Bd2 Qe6 13. Qg4 Re8 14. Rd1 Bc5 15. Bc3 Rhf8 16. f3 Rf6 17. Ke2 Rg6 18. Qxe6+ Rgxe6 19. Rhe1 Rg6 20. Kf1 Rd6 21. Rd2 Red8 22. Red1 Be3 23. Rd3 Bf4 24. Kf2 Rxd3 25. Rxd3 Re8 26. Bd2 Bxd2 27. Rxd2 Re6 28. g3 Rd6 29. Rd3 g5 30. Kg2 Kd7 31. Kf2 1/2-1/2

[Event "Klatovy op-A"]
[Site "Klatovy"]
[Date "2000.??.??"]
[Round "?"]
[White "Snajdr, Jiri"]
[Black "Flaisigova, Petra"]
[Result "1-0"]
[WhiteElo "2015"]
[BlackElo "1925"]
[PlyCount "87"]
[EventDate "2000.??.??"]
[EventType "swiss"]
[EventRounds "9"]
[EventCountry "CZE"]
[SourceTitle "EXT 2003"]
[Source "ChessBase"]
[SourceDate "2002.11.25"]
[SourceVersion "1"]
[SourceVersionDate "2002.11.25"]
[SourceQuality "1"]

1. d4 f5 2. g3 Nf6 3. Bg2 g6 4. Nc3 Bg7 5. Nh3 d6 6. Bg5 c6 7. Qd2 Na6 8. Bh6 Bxh6 9. Qxh6 Be6 10. Nf4 Bf7 11. e4 fxe4 12. Nxe4 Qa5+ 13. c3 Qf5 14. Nxf6+ Qxf6 15. 0-0 0-0-0 16. Rfe1 Nc7 17. h4 Rhf8 18. Qg5 Rfe8 19. a4 Kb8 20. Re3 h6 21. Qxh6 e5 22. Ne2 Bd5 23. Qg5 Qxg5 24. hxg5 exd4 25. Rxe8 Rxe8 26. Nxd4 c5 27. Bxd5 Nxd5 28. Nb5 Re5 29. Rd1 Rxg5 30. Nxd6 Kc7 31. Nc4 Ne7 32. Kg2 Rf5 33. f4 Rf6 34. Re1 Nc6 35. Rh1 Ne7 36. Rh7 Re6 37. Kf2 Kc6 38. Ne3 Kd6 39. Kf3 a6 40. g4 Rf6 41. Rxe7 Kxe7 42. Nd5+ Ke6 43. Nxf6 Kxf6 44. Ke4 1-0

[Event "Scharnstein op 2nd"]
[Site "Scharnstein"]
[Date "1999.??.??"]
[Round "?"]
[White "Flaisigova, Petra"]
[Black "Kiss, Pal"]
[Result "1/2-1/2"]
[WhiteElo "2040"]
[BlackElo "2435"]
[PlyCount "102"]
[EventDate "1999.??.??"]
[EventType "swiss"]
[EventRounds "5"]
[EventCountry "AUT"]
[SourceTitle "EXT 2004"]
[Source "ChessBase"]
[SourceDate "2003.11.25"]
[SourceVersion "1"]
[SourceVersionDate "2003.11.25"]
[SourceQuality "1"]

1. e4 c5 2. Nf3 Nc6 3. d4 cxd4 4. Nxd4 Nf6 5. Nc3 e5 6. Ndb5 d6 7. Bg5 a6 8. Na3 b5 9. Bxf6 gxf6 10. Nd5 f5 11. c3 Bg7 12. exf5 Bxf5 13. Nc2 0-0 14. Nce3 Be6 15. g3 Rb8 16. a3 a5 17. b4 f5 18. Bg2 Qd7 19. 0-0 f4 20. Nc2 Bh3 21. Qh5 Bxg2 22. Kxg2 Rf5 23. Qg4 Rbf8 24. Kg1 Qf7 25. Rad1 fxg3 26. hxg3 Rxf2 27. Nce3 axb4 28. axb4 Kh8 29. Qh4 Rxf1+ 30. Rxf1 Qg6 31. Rxf8+ Bxf8 32. g4 e4 33. Kg2 Bh6 34. Nf5 Bg5 35. Qg3 Ne5 36. Kh3 h5 37. Kg2 hxg4 38. Qh2+ Qh7 39. Qxh7+ Kxh7 40. Nxd6 e3 41. Nxb5 Nf3 42. Nd4 Nxd4 43. cxd4 Bd8 44. Nxe3 Bb6 45. Nc2 Kg6 46. Kf2 Kf5 47. Ke3 g3 48. Ne1 Ke6 49. Ke4 Kd6 50. b5 Ba7 51. Ng2 Bb6 1/2-1/2

[Event "Malmo op U20"]
[Site "Malmo "]
[Date "1999.??.??"]
[Round "1"]
[White "Flaisigova, Petra"]
[Black "Stefanek, Piotr"]
[Result "0-1"]
[WhiteElo "2040"]
[BlackElo "2205"]
[PlyCount "44"]
[EventDate "1999.??.??"]
[EventType "swiss"]
[EventRounds "9"]
[EventCountry "SWE"]
[SourceTitle "EXT 2002"]
[Source "ChessBase"]
[SourceDate "2001.11.25"]
[SourceVersion "1"]
[SourceVersionDate "2001.11.25"]
[SourceQuality "1"]

1. e4 c5 2. Nf3 e6 3. c4 Nc6 4. Nc3 a6 5. Be2 Qc7 6. 0-0 Nd4 7. e5 Ne7 8. d3 Ng6 9. Re1 d6 10. exd6 Bxd6 11. g3 Nxe2+ 12. Qxe2 0-0 13. Ne4 b6 14. b3 Bb7 15. Bb2 Rad8 16. Rad1 Qc6 17. h4 f5 18. Neg5 e5 19. h5 Nh8 20. Bxe5 Bxe5 21. Qxe5 Nf7 22. Qe6 Rd6 0-1

[Event "Scharnstein op 2nd"]
[Site "Scharnstein"]
[Date "1999.??.??"]
[Round "?"]
[White "Huber, Guenter"]
[Black "Flaisigova, Petra"]
[Result "0-1"]
[WhiteElo "1935"]
[BlackElo "2040"]
[PlyCount "72"]
[EventDate "1999.??.??"]
[EventType "swiss"]
[EventRounds "5"]
[EventCountry "AUT"]
[SourceTitle "EXT 2004"]
[Source "ChessBase"]
[SourceDate "2003.11.25"]
[SourceVersion "1"]
[SourceVersionDate "2003.11.25"]
[SourceQuality "1"]

1. c4 e5 2. Nc3 Nc6 3. g3 d6 4. Bg2 g6 5. e4 Bg7 6. Nge2 Nge7 7. d3 0-0 8. 0-0 Be6 9. Be3 Qd7 10. Nd5 Nd4 11. Nec3 Nc8 12. Ne2 c6 13. Ndc3 Ne7 14. b4 f5 15. Rb1 f4 16. gxf4 Bh3 17. f3 Bxg2 18. Kxg2 Nxe2 19. Nxe2 exf4 20. Bxf4 Rf7 21. Bg3 Raf8 22. Qa4 g5 23. Qxa7 Ng6 24. Qe3 Be5 25. d4 Bf4 26. Qd3 g4 27. Nxf4 Rxf4 28. Kh1 Rxf3 29. Rxf3 gxf3 30. Qf1 Qg4 31. Re1 d5 32. cxd5 cxd5 33. Qb5 f2 34. Qxd5+ Rf7 35. Bxf2 Qf3+ 36. Kg1 Qxf2+ 0-1

[Event "Plzen op-A U18"]
[Site "Plzen"]
[Date "1999.??.??"]
[Round "?"]
[White "Pribyl, Josef"]
[Black "Flaisigova, Petra"]
[Result "1/2-1/2"]
[WhiteElo "2422"]
[BlackElo "2040"]
[PlyCount "80"]
[EventDate "1999.??.??"]
[EventType "swiss"]
[EventRounds "9"]
[EventCountry "CZE"]
[SourceTitle "EXT 2000"]
[Source "ChessBase"]
[SourceDate "1999.11.16"]
[SourceVersion "1"]
[SourceVersionDate "1999.11.16"]
[SourceQuality "1"]

1. e4 c5 2. Nf3 Nc6 3. d4 cxd4 4. Nxd4 Nf6 5. Nc3 e5 6. Ndb5 d6 7. Nd5 Nxd5 8. exd5 Nb8 9. c4 Be7 10. Be2 a6 11. Na3 0-0 12. 0-0 f5 13. f4 Bf6 14. Rb1 Nd7 15. b4 exf4 16. Bxf4 Be5 17. Nc2 b5 18. Kh1 Bb7 19. Nd4 Qe7 20. Nc6 Qf6 21. Na5 Rab8 22. cxb5 Bxf4 23. Rxf4 Qe5 24. Rd4 axb5 25. Bxb5 Nf6 26. Bc6 Bc8 27. Nc4 Qe7 28. b5 Ne4 29. Qe1 Qa7 30. b6 Qxa2 31. b7 Bxb7 32. Bxb7 Rf7 33. Rb2 Qa7 34. Rxe4 fxe4 35. Bc6 Rxb2 36. Nxb2 Qa2 37. Nd1 Qc4 38. Nf2 Qc2 39. Nh3 Qd3 40. Nf2 Qc2 1/2-1/2

[Event "Staufer op 11th"]
[Site "Schwaebisch Gmuend"]
[Date "1999.??.??"]
[Round "3"]
[White "Schnepp, Gunnar"]
[Black "Flaisigova, Petra"]
[Result "1-0"]
[WhiteElo "2265"]
[BlackElo "2055"]
[PlyCount "69"]
[EventDate "1999.01.02"]
[EventType "swiss"]
[EventRounds "9"]
[EventCountry "GER"]
[SourceTitle "CBM 068 Extra"]
[Source "ChessBase"]
[SourceDate "1999.03.01"]
[SourceVersion "1"]
[SourceVersionDate "1999.03.01"]
[SourceQuality "1"]

1. d4 f5 2. c4 Nf6 3. g3 g6 4. Bg2 Bg7 5. Nf3 0-0 6. 0-0 d6 7. Nc3 Qe8 8. Nd5 Na6 9. Nxf6+ Bxf6 10. Bh6 Bg7 11. Bxg7 Kxg7 12. e4 fxe4 13. Ng5 Nb4 14. Nxe4 Nc6 15. d5 Ne5 16. Qd4 Kg8 17. f4 Ng4 18. Rae1 Bd7 19. Ng5 h6 20. Ne6 Bxe6 21. Rxe6 Qf7 22. Bh3 h5 23. Bxg4 hxg4 24. Qe4 Qf5 25. Rxg6+ Kh7 26. Qxf5 Rxf5 27. Rxg4 b5 28. b3 bxc4 29. bxc4 Rb8 30. Re1 Rf7 31. Re2 Rb4 32. Rc2 Rf6 33. Kf2 e5 34. Ke3 Rf7 35. fxe5 1-0

[Event "Wch U18 Girls"]
[Site "Oropesa del Mar"]
[Date "1998.11.06"]
[Round "10"]
[White "Moncayo Romero, Evelyn"]
[Black "Flaisigova, Petra"]
[Result "1/2-1/2"]
[WhiteElo "2100"]
[BlackElo "2055"]
[PlyCount "46"]
[EventDate "1998.10.25"]
[EventType "swiss"]
[EventRounds "11"]
[EventCountry "ESP"]
[SourceTitle "CBM 067 Extra"]
[Source "ChessBase"]
[SourceDate "1999.01.01"]
[SourceVersion "1"]
[SourceVersionDate "1999.01.01"]
[SourceQuality "1"]

1. e4 c5 2. d4 cxd4 3. c3 dxc3 4. Nxc3 e6 5. Bc4 Nc6 6. Nf3 d6 7. 0-0 a6 8. a4 Be7 9. Qe2 Qc7 10. Rd1 Nf6 11. Bf4 e5 12. Bg5 Be6 13. Nd5 Qd8 14. Be3 Nd7 15. Qd2 0-0 16. Nxe7+ Qxe7 17. Qxd6 Qxd6 18. Rxd6 Bxc4 19. Rxd7 b5 20. Rd6 Rac8 21. Bb6 bxa4 22. Rxa4 Bb5 23. Ra1 Rb8 1/2-1/2

[Event "Wch U18 Girls"]
[Site "Oropesa del Mar"]
[Date "1998.11.03"]
[Round "8"]
[White "Flaisigova, Petra"]
[Black "Voicu Jagodzinsky, Carmen"]
[Result "1/2-1/2"]
[WhiteElo "2055"]
[BlackElo "2120"]
[PlyCount "63"]
[EventDate "1998.10.25"]
[EventType "swiss"]
[EventRounds "11"]
[EventCountry "ESP"]
[SourceTitle "CBM 067 Extra"]
[Source "ChessBase"]
[SourceDate "1999.01.01"]
[SourceVersion "1"]
[SourceVersionDate "1999.01.01"]
[SourceQuality "1"]

1. e4 c5 2. Nf3 e6 3. d4 cxd4 4. Nxd4 Nf6 5. Nc3 d6 6. g4 h6 7. h4 a6 8. Bg2 Nc6 9. g5 hxg5 10. hxg5 Rxh1+ 11. Bxh1 Nd7 12. f4 g6 13. Be3 Qc7 14. Qd2 Na5 15. b3 Nc5 16. 0-0-0 Bd7 17. f5 0-0-0 18. Nde2 b5 19. fxe6 fxe6 20. Bxc5 Qxc5 21. Kb1 b4 22. Na4 Bxa4 23. bxa4 Nc4 24. Qd3 Rd7 25. e5 Rc7 26. Nd4 Qxe5 27. Qxg6 Na3+ 28. Kc1 Qe3+ 29. Rd2 Qe1+ 30. Rd1 Qe3+ 31. Rd2 Qe1+ 32. Rd1 1/2-1/2

[Event "Wch U18 Girls"]
[Site "Oropesa del Mar"]
[Date "1998.10.30"]
[Round "5"]
[White "Flaisigova, Petra"]
[Black "Krivec, Jana"]
[Result "1/2-1/2"]
[WhiteElo "2055"]
[BlackElo "2180"]
[PlyCount "37"]
[EventDate "1998.10.25"]
[EventType "swiss"]
[EventRounds "11"]
[EventCountry "ESP"]
[SourceTitle "CBM 067 Extra"]
[Source "ChessBase"]
[SourceDate "1999.01.01"]
[SourceVersion "1"]
[SourceVersionDate "1999.01.01"]
[SourceQuality "1"]

1. e4 e5 2. Nc3 Nf6 3. f4 d5 4. fxe5 Nxe4 5. Nf3 Be7 6. d4 0-0 7. Bd3 f5 8. exf6 Bxf6 9. 0-0 Nc6 10. Nxe4 dxe4 11. Bxe4 Nxd4 12. c3 Nxf3+ 13. Bxf3 Qxd1 14. Rxd1 c6 15. Be3 Be6 16. Rd2 Rfd8 17. Rad1 Rxd2 18. Rxd2 Rd8 19. Rxd8+ 1/2-1/2

[Event "Klatovy op-A"]
[Site "Klatovy"]
[Date "1998.??.??"]
[Round "?"]
[White "Belobrad, Ivan"]
[Black "Flaisigova, Petra"]
[Result "1-0"]
[WhiteElo "2050"]
[BlackElo "1860"]
[PlyCount "105"]
[EventDate "1998.??.??"]
[EventType "swiss"]
[EventRounds "9"]
[EventCountry "CZE"]
[SourceTitle "EXT 2000"]
[Source "ChessBase"]
[SourceDate "1999.11.16"]
[SourceVersion "1"]
[SourceVersionDate "1999.11.16"]
[SourceQuality "1"]

1. e4 c5 2. Nf3 Nc6 3. Bb5 Nf6 4. Bxc6 dxc6 5. e5 Nd5 6. h3 g6 7. b3 Bg7 8. Bb2 0-0 9. 0-0 Bd7 10. Nh2 Nf4 11. Qf3 Ne6 12. Qe3 Qb6 13. Nf3 Rad8 14. a4 Bc8 15. Na3 Nd4 16. Nc4 Nxf3+ 17. Qxf3 Qc7 18. a5 Be6 19. Qe2 Bd5 20. d3 Qc8 21. Qe3 Bxc4 22. bxc4 b6 23. Bc3 Qc7 24. Ra3 Rb8 25. Rb1 Rfd8 26. g3 e6 27. Kg2 b5 28. Ra2 b4 29. Ba1 Qe7 30. Rab2 Rb7 31. Rb3 a6 32. Bb2 Rdd7 33. Ra1 Bf8 34. f4 Qd8 35. g4 Qh4 36. Qf3 Rbc7 37. Rg1 Bg7 38. Bc1 f6 39. exf6 Bxf6 40. Qe4 Re7 41. Be3 Bd4 42. Bxd4 cxd4 43. Qxd4 c5 44. Qe5 Qh6 45. c3 bxc3 46. Qxc3 Qf8 47. Qe5 Qa8+ 48. Kg3 Qc6 49. Rgb1 Rc8 50. Rb6 Qd7 51. Rd6 Qe8 52. Rbb6 Kf7 53. Rxa6 1-0

[Event "Plzen op-A U18"]
[Site "Plzen"]
[Date "1998.??.??"]
[Round "1"]
[White "Flaisigova, Petra"]
[Black "Neuman, Petr"]
[Result "0-1"]
[WhiteElo "2055"]
[BlackElo "2360"]
[PlyCount "64"]
[EventDate "1998.08.??"]
[EventType "swiss"]
[EventRounds "9"]
[EventCountry "CZE"]
[SourceTitle "EXT 1999"]
[Source "ChessBase"]
[SourceDate "1998.11.16"]
[SourceVersion "1"]
[SourceVersionDate "1998.11.16"]
[SourceQuality "1"]

1. e4 c5 2. Nf3 e6 3. c4 Nc6 4. Nc3 Nf6 5. Be2 d5 6. exd5 exd5 7. d4 Be6 8. Be3 dxc4 9. 0-0 cxd4 10. Nxd4 Nxd4 11. Bxd4 Qa5 12. Bxf6 gxf6 13. Qd4 Qe5 14. Rfd1 Qxd4 15. Rxd4 Rc8 16. Rc1 f5 17. Nd5 b5 18. Nf6+ Ke7 19. Nd5+ Kd6 20. Nb6+ Kc5 21. Nxc8 Kxd4 22. Nxa7 Bh6 23. Rd1+ Kc5 24. Bf3 Bg7 25. Rd2 b4 26. Nc6 c3 27. bxc3 bxc3 28. Rc2 Rc8 29. Na5 Kb4 30. Nc6+ Ka3 31. Na7 Rh8 32. Kf1 Bxa2 0-1

[Event "Klatovy op-A"]
[Site "Klatovy"]
[Date "1998.??.??"]
[Round "?"]
[White "Flaisigova, Petra"]
[Black "Schauer, Jiri"]
[Result "0-1"]
[WhiteElo "1860"]
[BlackElo "2150"]
[PlyCount "56"]
[EventDate "1998.??.??"]
[EventType "swiss"]
[EventRounds "9"]
[EventCountry "CZE"]
[SourceTitle "EXT 2000"]
[Source "ChessBase"]
[SourceDate "1999.11.16"]
[SourceVersion "1"]
[SourceVersionDate "1999.11.16"]
[SourceQuality "1"]

1. e4 c5 2. Nf3 e6 3. c4 Nc6 4. Nc3 d6 5. d4 cxd4 6. Nxd4 a6 7. Be2 Nf6 8. 0-0 Be7 9. Be3 Bd7 10. f4 Qc7 11. Rc1 0-0 12. Qd2 Nxd4 13. Bxd4 Bc6 14. Qe3 Nd7 15. Nd5 Qd8 16. Nxe7+ Qxe7 17. e5 dxe5 18. fxe5 Rac8 19. Bd3 Rfd8 20. Rc2 Nf8 21. Rd2 Ng6 22. Bc5 Qh4 23. g3 Qh3 24. Rfd1 Nxe5 25. Bxh7+ Kxh7 26. Qxe5 Bf3 27. Bd4 f6 28. Qe1 Rxd4 0-1